[Event "21.Wörishofen-Seniorenen op"]
[Site "Bad Wörishofen (03.03.-11.03)"]
[Date "2005.03.07"]
[Round "5.54"]
[White "Erdmann, Wolfgang"]
[Black "Mahrla, Hans,Dr."]
[Result "1/2-1/2"]
[WhiteElo "1533"]
[BlackElo "1626"]
[PlyCount "61"]
[EventDate "2005.03.??"]
[Source "Chessorg"]
[SourceDate "2005.12.10"]

1. d4 Nf6 2. Nf3 e6 3. Bg5 d5 4. Nbd2 c5 5. c3 Be7 6. e3 Nbd7 7. Bd3 O-O 8. O-O
Re8 9. Rc1 c4 10. Bb1 b5 11. Qc2 h6 12. Bf4 Bb7 13. Be5 Nf8 14. h3 Ne4 15. Nxe4
dxe4 16. Nd2 f5 17. f3 exf3 18. gxf3 Bf6 19. Bxf6 Qxf6 20. Kh2 Rad8 21. e4 Qg5
22. f4 Qh5 23. Qd1 Qf7 24. Rg1 fxe4 25. Qg4 Nd7 26. Nxe4 Nf6 27. Nxf6+ Qxf6 28.
Rce1 Rc8 29. Qg3 Bd5 30. Re5 a6 31. Rge1 1/2-1/2

[Event "21.Wörishofen-Seniorenen op"]
[Site "Bad Wörishofen (03.03.-11.03)"]
[Date "2005.03.07"]
[Round "5.55"]
[White "Lang, Hermann[35Merzig]"]
[Black "Schoen, Siegfried"]
[Result "1-0"]
[WhiteElo "1717"]
[BlackElo "1545"]
[PlyCount "94"]
[EventDate "2005.03.??"]
[Source "Chessorg"]
[SourceDate "2005.12.10"]

1. c4 c6 2. d4 d5 3. e3 Nf6 4. Nc3 e6 5. Nf3 Bd6 6. Bd3 dxc4 7. Bxc4 b5 8. Bd3
Bb7 9. O-O Nbd7 10. e4 e5 11. Bg5 a6 12. Rc1 O-O 13. Bb1 Qe7 14. Qe2 Rac8 15.
Rfd1 Rfd8 16. a3 h6 17. Bh4 Nf8 18. dxe5 Bxe5 19. Nxe5 Qxe5 20. Bg3 Qh5 21. f3
Ne6 22. e5 Nd5 23. Nxd5 cxd5 24. Qd2 d4 25. Rxc8 Rxc8 26. Qd3 g6 27. f4 Rd8 28.
Rc1 Qf5 29. Qxf5 gxf5 30. Bxf5 Rd7 31. Bd3 Kg7 32. h4 h5 33. f5 Nf8 34. Bf4 Kh7
35. Kf2 Kh8 36. Rc5 Rd5 37. Rc7 Rd7 38. Rc1 Kg8 39. Bd2 Kh8 40. Rc2 Kg8 41. Kg3
Re7 42. Bf4 Rd7 43. Kh3 Kh8 44. g4 hxg4+ 45. Kxg4 Kg8 46. Kh5 Bf3+ 47. Kh6 Rb7
1-0

[Event "21.Wörishofen-Seniorenen op"]
[Site "Bad Wörishofen (03.03.-11.03)"]
[Date "2005.03.07"]
[Round "5.56"]
[White "Storkebaum, Karl-Heinrich,Dr."]
[Black "Schmid, Hermann[39Peiting]"]
[Result "1/2-1/2"]
[WhiteElo "1877"]
[BlackElo "2055"]
[PlyCount "62"]
[EventDate "2005.03.??"]
[Source "Chessorg"]
[SourceDate "2005.12.10"]

1. d4 g6 2. c4 Bg7 3. e4 d6 4. Nc3 Nd7 5. Nf3 e5 6. Be2 Ne7 7. d5 O-O 8. O-O f5
9. Ng5 Nf6 10. f3 h6 11. Ne6 Bxe6 12. dxe6 f4 13. b4 Nc6 14. c5 Nd4 15. Bc4 Kh7
16. Rb1 c6 17. cxd6 Qxd6 18. Ne2 Rfd8 19. Nxd4 Qxd4+ 20. Qxd4 Rxd4 21. Bb3 Ne8
22. Bb2 Rd6 23. Rfd1 Rad8 24. Rxd6 Rxd6 25. Rc1 a6 26. Rc5 b6 27. Rc2 Bf6 28.
Kf1 g5 29. e7 Kg6 30. Ke2 h5 31. h3 Kg7 1/2-1/2

[Event "21.Wörishofen-Seniorenen op"]
[Site "Bad Wörishofen (03.03.-11.03)"]
[Date "2005.03.07"]
[Round "5.57"]
[White "Kluge, Hans-Christof"]
[Black "Auf'm Wasser, Guenter"]
[Result "1/2-1/2"]
[WhiteElo "1566"]
[BlackElo "1613"]
[PlyCount "33"]
[EventDate "2005.03.??"]
[Source "Chessorg"]
[SourceDate "2005.12.10"]

1. d4 Nf6 2. Nf3 g6 3. e3 Bg7 4. Nbd2 O-O 5. b3 c6 6. Be2 d5 7. Ne5 Nbd7 8. f4
Ne4 9. Nxe4 Nxe5 10. fxe5 dxe4 11. O-O Be6 12. Bb2 f6 13. Bg4 f5 14. Be2 Qc7
15. Qe1 c5 16. c3 c4 17. b4 1/2-1/2

[Event "21.Wörishofen-Seniorenen op"]
[Site "Bad Wörishofen (03.03.-11.03)"]
[Date "2005.03.07"]
[Round "5.58"]
[White "Scheller, Gerhard"]
[Black "Gestrich, Wolfgang,Prof.Dr."]
[Result "1/2-1/2"]
[WhiteElo "1453"]
[BlackElo "1442"]
[PlyCount "23"]
[EventDate "2005.03.??"]
[Source "Chessorg"]
[SourceDate "2005.12.10"]

1. d4 Nf6 2. Bg5 e6 3. e4 Be7 4. Nc3 h6 5. Bh4 g5 6. Bg3 Bb4 7. Bd3 d6 8. h3
Bxc3+ 9. bxc3 c5 10. dxc5 dxc5 11. Be5 a6 12. Bb5+ 1/2-1/2

[Event "21.Wörishofen-Seniorenen op"]
[Site "Bad Wörishofen (03.03.-11.03)"]
[Date "2005.03.07"]
[Round "5.59"]
[White "Wolfram, Gisbert,Dr."]
[Black "Thonig, Manfred"]
[Result "1-0"]
[WhiteElo "1548"]
[BlackElo "1578"]
[PlyCount "115"]
[EventDate "2005.03.??"]
[Source "Chessorg"]
[SourceDate "2005.12.10"]

1. Nf3 f5 2. d4 Nf6 3. g3 b6 4. Bg2 Bb7 5. O-O e6 6. c4 Be7 7. Nc3 O-O 8. b3
Ne4 9. Bb2 d5 10. Nd2 Nd7 11. e3 Ndf6 12. f3 Nxd2 13. Qxd2 dxc4 14. bxc4 a6 15.
Rad1 Qe8 16. a4 Qh5 17. Qc2 Rac8 18. e4 fxe4 19. Nxe4 c5 20. f4 Ng4 21. Bf3
Bxe4 22. Bxg4 Qxg4 23. Qxe4 cxd4 24. Qb7 Bc5 25. Qe4 Qf5 26. Rfe1 Rfe8 27. Bxd4
Rcd8 28. Qxf5 Bxd4+ 29. Kg2 exf5 30. Rxe8+ Rxe8 31. Rxd4 Kf7 32. Kf3 Ke6 33.
Rd5 h5 34. Ke3 Kf6+ 35. Kd3 g6 36. a5 Re6 37. Kc3 Rc6 38. Kb4 Re6 39. axb6
Rxb6+ 40. Ka5 Rb2 41. Kxa6 Ke6 42. Rb5 Rxh2 43. c5 Kd5 44. Kb6 Rc2 45. Rb1 Ke4
46. c6 Kf3 47. Rb3+ Kg4 48. c7 h4 49. gxh4 Kxh4 50. Kb7 Kg4 51. Rb4 Kh5 52.
c8=Q Rxc8 53. Kxc8 g5 54. Kd7 gxf4 55. Rxf4 Kg5 56. Rf1 f4 57. Kd6 Kg4 58. Ke5
1-0

[Event "21.Wörishofen-Seniorenen op"]
[Site "Bad Wörishofen (03.03.-11.03)"]
[Date "2005.03.07"]
[Round "5.60"]
[White "Schuster, Herbert"]
[Black "Weibrecht, Carl"]
[Result "1-0"]
[WhiteElo "1641"]
[BlackElo "1471"]
[PlyCount "73"]
[EventDate "2005.03.??"]
[Source "Chessorg"]
[SourceDate "2005.12.10"]

1. d4 d5 2. Nf3 g6 3. Bf4 Bg7 4. e3 Nf6 5. h3 Nbd7 6. c4 c6 7. Nbd2 b6 8. Be2
O-O 9. O-O Re8 10. Rc1 Bb7 11. b4 Nh5 12. Bh2 e5 13. dxe5 Nxe5 14. cxd5 cxd5
15. Nd4 Nf6 16. N2f3 Nxf3+ 17. Bxf3 Rc8 18. b5 Rxc1 19. Qxc1 a6 20. Qc7 Qxc7
21. Bxc7 axb5 22. Nxb5 Ra8 23. Bxb6 Rxa2 24. Bd4 Ba6 25. Rb1 h5 26. Nc7 Bc4 27.
Bxf6 Bxf6 28. Bxd5 Bxd5 29. Nxd5 Kg7 30. g3 g5 31. Rb6 Be5 32. Kg2 Rd2 33. Ne7
f6 34. Nf5+ Kg6 35. g4 h4 36. Rb7 Bg3 37. Rg7# 1-0

[Event "21.Wörishofen-Seniorenen op"]
[Site "Bad Wörishofen (03.03.-11.03)"]
[Date "2005.03.07"]
[Round "5.61"]
[White "Hoenig, Josef"]
[Black "Zacharias, Helmut"]
[Result "1/2-1/2"]
[WhiteElo "1579"]
[BlackElo "1340"]
[PlyCount "56"]
[EventDate "2005.03.??"]
[Source "Chessorg"]
[SourceDate "2005.12.10"]

1. Nf3 Nf6 2. d4 g6 3. c3 Bg7 4. h3 O-O 5. Qc2 d5 6. Bf4 Bf5 7. Qb3 b6 8. Nbd2
Nc6 9. Qd1 Nd7 10. g4 Be6 11. Bg3 f5 12. Ng5 Bf7 13. Bg2 e6 14. Ngf3 Re8 15. e3
Nf6 16. Bh4 Qd7 17. Ne5 Nxe5 18. dxe5 Ne4 19. Nxe4 fxe4 20. Bg3 Qb5 21. Qc2 a5
22. Qe2 Qc5 23. O-O Bh6 24. Rfe1 Rf8 25. Bf1 Be8 26. c4 c6 27. b3 Bd7 28. Rac1
Rf3 1/2-1/2

[Event "21.Wörishofen-Seniorenen op"]
[Site "Bad Wörishofen (03.03.-11.03)"]
[Date "2005.03.07"]
[Round "5.62"]
[White "Salomon, Heide"]
[Black "Kahler, Kurt"]
[Result "0-1"]
[WhiteElo "1523"]
[BlackElo "1673"]
[PlyCount "132"]
[EventDate "2005.03.??"]
[Source "Chessorg"]
[SourceDate "2005.12.10"]

1. e4 e6 2. d4 d5 3. e5 c5 4. Bb5+ Bd7 5. Bxd7+ Qxd7 6. Be3 cxd4 7. Bxd4 Nc6 8.
Nf3 Be7 9. O-O Nh6 10. Re1 O-O 11. c3 Rac8 12. Nbd2 Nxd4 13. Nxd4 Rce8 14. N2f3
f6 15. Qe2 Bc5 16. exf6 Rxf6 17. Ne5 Qe7 18. Qd2 Nf5 19. Ndf3 Nd6 20. Nd3 Ne4
21. Qc2 Bd6 22. Nde5 Bxe5 23. Rxe4 Bxh2+ 24. Nxh2 dxe4 25. Qxe4 Qc5 26. Ng4 Rf7
27. Rd1 Qf5 28. Qc4 h5 29. Nh2 Qxf2+ 30. Kh1 Qxb2 31. Nf3 Qf2 32. Rd4 Qg3 33.
Rh4 Rd7 34. Rd4 Rxd4 35. Nxd4 Qe1+ 36. Kh2 Qe5+ 37. Kg1 Qe3+ 38. Kh2 Qe5+ 39.
Kg1 Qe1+ 40. Kh2 Qh4+ 41. Kg1 Qe1+ 42. Kh2 Qe5+ 43. Kg1 Qe3+ 44. Kh2 Qe5+ 45.
Kg1 Kh7 46. Qd3+ g6 47. Nf3 Qd5 48. Qe3 b6 49. Ng5+ Kg7 50. Qf4 e5 51. Qa4 Re7
52. Nf3 e4 53. Nd4 Rf7 54. Qe8 Kh7 55. Ne6 Rb7 56. Nf4 Qc5+ 57. Kh1 Qf5 58. Ne6
Rf7 59. Ng5+ Kg7 60. Nxf7 Qxf7 61. Qxe4 Qxa2 62. Qe7+ Qf7 63. Qe5+ Kh7 64. Kh2
a5 65. Qb5 Qc7+ 66. Kg1 Qc5+ 0-1

[Event "21.Wörishofen-Seniorenen op"]
[Site "Bad Wörishofen (03.03.-11.03)"]
[Date "2005.03.07"]
[Round "5.63"]
[White "Grimski, Wilfried"]
[Black "Manfeldt, Alfred"]
[Result "0-1"]
[WhiteElo "1257"]
[BlackElo "1554"]
[PlyCount "62"]
[EventDate "2005.03.??"]
[Source "Chessorg"]
[SourceDate "2005.12.10"]

1. c4 Nf6 2. Nc3 e5 3. d3 Be7 4. Nf3 d6 5. g3 c6 6. Bg2 h6 7. O-O Be6 8. b3
Nbd7 9. Re1 O-O 10. e3 Qc7 11. e4 a6 12. a4 b5 13. Na2 bxa4 14. bxa4 Rab8 15.
Qd2 Nc5 16. Qc3 Nxa4 17. Qc2 Nc5 18. Bd2 Nb3 19. Rab1 Nxd2 20. Nxd2 c5 21. Nc3
Bd7 22. Nd5 Nxd5 23. cxd5 Rxb1 24. Rxb1 Rb8 25. Bf1 a5 26. Rxb8+ Qxb8 27. Qb1
Qb4 28. Qxb4 axb4 29. Nb1 Bg5 30. Be2 Ba4 31. Kf1 Bc2 0-1

[Event "21.Wörishofen-Seniorenen op"]
[Site "Bad Wörishofen (03.03.-11.03)"]
[Date "2005.03.07"]
[Round "5.64"]
[White "Kuhnert, Werner"]
[Black "Alefs, Heinz"]
[Result "0-1"]
[WhiteElo "1316"]
[BlackElo "1640"]
[PlyCount "70"]
[EventDate "2005.03.??"]
[Source "Chessorg"]
[SourceDate "2005.12.10"]

1. d4 Nf6 2. c4 e5 3. dxe5 Ng4 4. Nf3 Nc6 5. e3 Ngxe5 6. Nxe5 Nxe5 7. Be2 g6 8.
Nc3 Bg7 9. Rb1 O-O 10. O-O d6 11. Re1 Be6 12. Qa4 Qh4 13. g3 Qh3 14. f3 Bd7 15.
Qd1 Qe6 16. Qd5 Qe7 17. e4 Be6 18. Qd1 Bxc4 19. Bxc4 Nxc4 20. Qd5 Ne5 21. Rf1
c6 22. Qd1 Qe6 23. b3 Rad8 24. Qc2 Rd7 25. Bb2 f5 26. f4 Ng4 27. Rbe1 Bd4+ 28.
Kh1 Rdf7 29. exf5 Qxf5 30. Qxf5 Rxf5 31. Re2 g5 32. Nd1 Bxb2 33. Nxb2 gxf4 34.
Re4 Nxh2 35. Rfxf4 Rxf4 0-1

[Event "21.Wörishofen-Seniorenen op"]
[Site "Bad Wörishofen (03.03.-11.03)"]
[Date "2005.03.07"]
[Round "5.65"]
[White "Oser, Thor"]
[Black "Meyts, Jozef Adolf"]
[Result "1-0"]
[WhiteElo "1631"]
[BlackElo "1200"]
[PlyCount "37"]
[EventDate "2005.03.??"]
[Source "Chessorg"]
[SourceDate "2005.12.10"]

1. d4 d5 2. e3 Nf6 3. Bd3 Nbd7 4. f4 a6 5. Nd2 e6 6. Ngf3 Be7 7. Ne5 g6 8. Qf3
c5 9. c3 c4 10. Bc2 Qc7 11. g4 Nxe5 12. fxe5 Nd7 13. O-O O-O 14. Qh3 Bg5 15.
Nf3 h6 16. Nxg5 hxg5 17. Qh6 Qd8 18. e4 dxe4 19. Bxg5 1-0

[Event "21.Wörishofen-Seniorenen op"]
[Site "Bad Wörishofen (03.03.-11.03)"]
[Date "2005.03.07"]
[Round "5.67"]
[White "Narr, Irmgard"]
[Black "Malik, Heinz[36G'weil]"]
[Result "1/2-1/2"]
[WhiteElo "1449"]
[BlackElo "1528"]
[PlyCount "58"]
[EventDate "2005.03.??"]
[Source "Chessorg"]
[SourceDate "2005.12.10"]

1. e4 c6 2. Nf3 d5 3. exd5 cxd5 4. d4 Bg4 5. Nc3 e6 6. Bb5+ Nc6 7. O-O Nf6 8.
Qd3 Bxf3 9. Qxf3 Be7 10. Bf4 Rc8 11. Ne2 a6 12. Bd3 Nb4 13. c3 Nxd3 14. Qxd3
O-O 15. Kh1 Bd6 16. Bg5 h6 17. Bd2 Qc7 18. f4 Ne4 19. Bc1 Qe7 20. Qh3 f5 21.
Be3 Rf6 22. Ng1 Rg6 23. Nf3 Rg4 24. Ne5 Bxe5 25. fxe5 Rh4 26. Qf3 Rg4 27. Rac1
Qf7 28. Rc2 Qh5 29. Kg1 Ng5 1/2-1/2

[Event "21.Wörishofen-Seniorenen op"]
[Site "Bad Wörishofen (03.03.-11.03)"]
[Date "2005.03.07"]
[Round "5.68"]
[White "Weber, Siegfried[27Fechh']"]
[Black "Ludwig, Egbert"]
[Result "1-0"]
[WhiteElo "1554"]
[BlackElo "1098"]
[PlyCount "79"]
[EventDate "2005.03.??"]
[Source "Chessorg"]
[SourceDate "2005.12.10"]

1. e4 e6 2. d4 d5 3. e5 c5 4. c3 Nc6 5. f4 Qb6 6. dxc5 Bxc5 7. Nh3 h6 8. Qg4 g6
9. Qf3 Nge7 10. Bd3 Bd7 11. Nf2 O-O-O 12. O-O d4 13. b4 dxc3 14. bxc5 Qxc5 15.
Be3 Nd4 16. Bxd4 Qxd4 17. Bc2 Bc6 18. Qxc3 Qxc3 19. Nxc3 Nd5 20. Nxd5 Rxd5 21.
Rfd1 Rc5 22. Bb3 Rg8 23. Rac1 Rxc1 24. Rxc1 Rd8 25. Rd1 Bd5 26. Bxd5 Rxd5 27.
Rxd5 exd5 28. Kf1 Kc7 29. Ke2 Kc6 30. Kd3 Kc5 31. Ng4 h5 32. Nh6 b5 33. Nxf7
Kc6 34. Nh8 a5 35. Nxg6 b4 36. Ne7+ Kd7 37. Nxd5 Ke6 38. Kc4 h4 39. Ne3 Ke7 40.
Kb5 1-0

[Event "21.Wörishofen-Seniorenen op"]
[Site "Bad Wörishofen (03.03.-11.03)"]
[Date "2005.03.07"]
[Round "5.70"]
[White "Malik, Rosemarie"]
[Black "Fanenbruck, Guenter"]
[Result "0-1"]
[WhiteElo "1335"]
[BlackElo "1569"]
[PlyCount "54"]
[EventDate "2005.03.??"]
[Source "Chessorg"]
[SourceDate "2005.12.10"]

1. e4 e5 2. Nf3 d6 3. Nc3 Be7 4. d3 c6 5. Bd2 Nf6 6. h3 O-O 7. Be2 Na6 8. O-O
Ne8 9. Qc1 f5 10. Bg5 f4 11. Bxe7 Qxe7 12. a3 Nac7 13. Re1 Ne6 14. b4 Ng5 15.
Qd1 Nxf3+ 16. Bxf3 Qg5 17. Kh2 Nc7 18. Rg1 Qh4 19. Qe2 Ne6 20. g3 Qh6 21. h4
Nd4 22. Qd1 fxg3+ 23. fxg3 Nxf3+ 24. Kg2 Nxg1 25. Kxg1 Qe3+ 26. Kh1 Qxg3 27.
Qd2 Rf2 0-1

[Event "21.Wörishofen-Seniorenen op"]
[Site "Bad Wörishofen (03.03.-11.03)"]
[Date "2005.03.07"]
[Round "5.71"]
[White "Garbe, Heinz"]
[Black "Buss, Richard"]
[Result "1-0"]
[WhiteElo "1464"]
[BlackElo "1373"]
[PlyCount "66"]
[EventDate "2005.03.??"]
[Source "Chessorg"]
[SourceDate "2005.12.10"]

1. d4 Nf6 2. c4 e6 3. Nf3 d5 4. e3 c6 5. Nc3 a6 6. Be2 Be7 7. O-O O-O 8. a3
Nbd7 9. b4 dxc4 10. Bxc4 Nb6 11. Bb3 Nbd5 12. Bb2 Re8 13. Rc1 Nxc3 14. Rxc3 Nd5
15. Rc2 Nf6 16. Qb1 Bd6 17. h3 Qe7 18. Rcc1 h6 19. Qc2 Bd7 20. Qd3 g6 21. Bd1
Nh7 22. Bb3 Rad8 23. e4 Bf4 24. Rc2 Bc8 25. e5 h5 26. Qe4 Bh6 27. Rd1 Ng5 28.
Nxg5 Bxg5 29. f4 Bh6 30. Rd3 Bg7 31. g4 hxg4 32. hxg4 Bf8 33. g5 Qc7 1-0

[Event "21.Wörishofen-Seniorenen op"]
[Site "Bad Wörishofen (03.03.-11.03)"]
[Date "2005.03.07"]
[Round "5.72"]
[White "Buchner, Matthias"]
[Black "Lamberger, Werner[39AUT]"]
[Result "1-0"]
[WhiteElo "1456"]
[BlackElo "1169"]
[PlyCount "37"]
[EventDate "2005.03.??"]
[Source "Chessorg"]
[SourceDate "2005.12.10"]

1. e4 e6 2. d4 d5 3. exd5 exd5 4. Nf3 Nc6 5. c3 Nf6 6. Bd3 Bd6 7. h3 Ne7 8. O-O
c5 9. dxc5 Bxc5 10. b4 Bd6 11. Re1 O-O 12. Qc2 Re8 13. Bg5 Ng6 14. Nbd2 a6 15.
Bxf6 gxf6 16. Bxg6 Rxe1+ 17. Rxe1 Qf8 18. Bf5 Bxf5 19. Qxf5 1-0

[Event "21.Wörishofen-Seniorenen op"]
[Site "Bad Wörishofen (03.03.-11.03)"]
[Date "2005.03.07"]
[Round "5.73"]
[White "Schafroth, Georg"]
[Black "Seitz, Heinz[39Nbg]"]
[Result "1/2-1/2"]
[WhiteElo "1367"]
[BlackElo "1457"]
[PlyCount "80"]
[EventDate "2005.03.??"]
[Source "Chessorg"]
[SourceDate "2005.12.10"]

1. d4 d5 2. c4 Nf6 3. Nc3 e6 4. e3 a6 5. Nf3 g6 6. Bd3 Bg7 7. O-O O-O 8. Re1 c6
9. a4 Nfd7 10. c5 f5 11. Ne2 e5 12. Bc2 e4 13. Nd2 a5 14. Nf4 Re8 15. g3 Nf6
16. Bb3 Na6 17. f3 Kh8 18. Bc2 Nb4 19. Nf1 Nxc2 20. Qxc2 Rb8 21. Qd1 b6 22. Nd2
bxc5 23. dxc5 Nd7 24. Qc2 Qe7 25. Nb3 Qd8 26. Bd2 Ra8 27. Rab1 Ne5 28. Nd4 Rb8
29. b3 Bd7 30. Kg2 Ra8 31. Bc3 Qe7 32. Bd2 Kg8 33. Bc3 Qxc5 34. Qd2 Qb6 35.
fxe4 dxe4 36. Rec1 Nf7 37. Qa2 Qa6 38. Qe2 Qxe2+ 39. Nfxe2 Ng5 40. h4 Nf7
1/2-1/2

[Event "21.Wörishofen-Seniorenen op"]
[Site "Bad Wörishofen (03.03.-11.03)"]
[Date "2005.03.08"]
[Round "6.1"]
[White "Goy, Udo"]
[Black "Zunker, Reinhard,Dr."]
[Result "1-0"]
[WhiteElo "2236"]
[BlackElo "2122"]
[PlyCount "164"]
[EventDate "2005.03.??"]
[Source "Chessorg"]
[SourceDate "2005.12.10"]

1. d4 Nf6 2. c4 g6 3. Nc3 Bg7 4. e4 d6 5. Nf3 O-O 6. Be2 Na6 7. O-O c5 8. d5
Nc7 9. h3 a6 10. Re1 Rb8 11. a4 b6 12. Bf4 Nd7 13. Qd2 Ne5 14. Nxe5 dxe5 15.
Be3 a5 16. Rad1 Ne8 17. f4 Nd6 18. fxe5 Bxe5 19. Bf4 Bd4+ 20. Kh1 f6 21. Bd3
Bd7 22. b3 Rc8 23. Rf1 Nf7 24. Rde1 Kg7 25. Bc2 Rh8 26. Ne2 Be5 27. Bxe5 Nxe5
28. Rd1 Qc7 29. d6 exd6 30. Qxd6 Rhf8 31. Nf4 Qxd6 32. Rxd6 Rc6 33. Rfd1 Rxd6
34. Rxd6 Rb8 35. Nd5 Bc6 36. Kg1 Bxd5 37. exd5 Rb7 38. Rd8 Rd7 39. Rb8 Rd6 40.
Rb7+ Nd7 41. Kf2 f5 42. Rc7 Kf7 43. Ke3 Ke7 44. Rc8 Rf6 45. Kf4 h6 46. Ra8 g5+
47. Ke3 Kd6 48. Rc8 Ke7 49. Ke2 Ne5 50. Ke3 Nd7 51. Bd1 Rf8 52. Rc7 Kd8 53. Ra7
Ke7 54. Bf3 Kd6 55. Bh5 f4+ 56. Kf2 Nf6 57. Bg6 Nd7 58. Rb7 Rb8 59. Ra7 Rf8 60.
Bd3 Rf7 61. Rb7 Rf8 62. Be2 Rb8 63. Ra7 Nf6 64. Bf3 h5 65. Rg7 g4 66. hxg4 hxg4
67. Bxg4 Rg8 68. Rxg8 Nxg8 69. Kf3 Ke5 70. d6 Nh6 71. d7 Nf7 72. Bh3 Ng5+ 73.
Kg4 Nf7 74. Kh5 Kf6 75. Bg4 Kg7 76. Bf3 Kf6 77. Bc6 Nd8 78. Bb5 Nf7 79. Kg4 Ke5
80. Bc6 Nd8 81. Bd5 Kd6 82. Kxf4 Kxd7 1-0

[Event "21.Wörishofen-Seniorenen op"]
[Site "Bad Wörishofen (03.03.-11.03)"]
[Date "2005.03.08"]
[Round "6.2"]
[White "Fischer, Johann[35München]"]
[Black "Kripp, Wolfgang"]
[Result "1-0"]
[WhiteElo "2238"]
[BlackElo "2038"]
[PlyCount "63"]
[EventDate "2005.03.??"]
[Source "Chessorg"]
[SourceDate "2005.12.10"]

1. e4 Nf6 2. e5 Nd5 3. d4 d6 4. Nf3 Bg4 5. Be2 e6 6. O-O Be7 7. c4 Nb6 8. Nc3
O-O 9. h3 Bh5 10. Be3 dxe5 11. Nxe5 Bxe2 12. Qxe2 c6 13. Rad1 N8d7 14. b3 Nxe5
15. dxe5 Qc7 16. f4 Rad8 17. Ne4 f5 18. exf6 Bxf6 19. Bc5 Be7 20. Qg4 Kh8 21.
Bxe7 Qxe7 22. Ng5 Rxd1 23. Rxd1 e5 24. fxe5 h6 25. Nf3 Qa3 26. e6 Nc8 27. Rd7
Ne7 28. Rxb7 Rf6 29. b4 Qe3+ 30. Kh2 Rxe6 31. c5 Rg6 32. Rxe7 1-0

[Event "21.Wörishofen-Seniorenen op"]
[Site "Bad Wörishofen (03.03.-11.03)"]
[Date "2005.03.08"]
[Round "6.3"]
[White "Fahnenschmidt, Gerhard,Dr."]
[Black "Packroff, Hermann"]
[Result "0-1"]
[WhiteElo "2020"]
[BlackElo "2103"]
[PlyCount "86"]
[EventDate "2005.03.??"]
[Source "Chessorg"]
[SourceDate "2005.12.10"]

1. d4 d5 2. c4 c6 3. Nc3 Nf6 4. Nf3 e6 5. Bg5 h6 6. Bxf6 Qxf6 7. Qb3 Nd7 8.
cxd5 exd5 9. e4 dxe4 10. Nxe4 Qf4 11. Bd3 Be7 12. O-O O-O 13. Rfe1 Nf6 14.
Nxf6+ Bxf6 15. Ne5 Be6 16. Qc3 Bxe5 17. dxe5 Bd5 18. Re3 Rae8 19. Rae1 Re7 20.
Rg3 Rfe8 21. e6 fxe6 22. Bb1 e5 23. Qc2 e4 24. f3 h5 25. Qc3 exf3 26. Rxg7+
Rxg7 27. Rxe8+ Kf7 28. Re7+ Kxe7 29. Qxg7+ Kd8 30. Qh8+ Kc7 31. Qh7+ Kb6 32.
gxf3 Qxf3 33. Qc2 Qh1+ 34. Kf2 Qxh2+ 35. Ke1 Qxc2 36. Bxc2 Bxa2 37. b3 Kc5 38.
Kd2 Kb4 39. Bd1 h4 40. Bg4 Bxb3 41. Bc8 b6 42. Bd7 c5 43. Ke3 a5 0-1

[Event "21.Wörishofen-Seniorenen op"]
[Site "Bad Wörishofen (03.03.-11.03)"]
[Date "2005.03.08"]
[Round "6.4"]
[White "Igney, Volkhard"]
[Black "Hoennekes, Klaus"]
[Result "1/2-1/2"]
[WhiteElo "2178"]
[BlackElo "2011"]
[PlyCount "40"]
[EventDate "2005.03.??"]
[Source "Chessorg"]
[SourceDate "2005.12.10"]

1. d4 Nf6 2. c4 e6 3. Nc3 Bb4 4. e3 b6 5. Nge2 Bb7 6. a3 Be7 7. d5 e5 8. Ng3
O-O 9. Bd3 d6 10. O-O Nbd7 11. b4 a5 12. Bd2 Re8 13. Qc2 axb4 14. axb4 Rxa1 15.
Rxa1 g6 16. e4 h5 17. Bg5 Kg7 18. Qd2 Rh8 19. Nf1 Nxd5 20. Bxe7 Nxe7 1/2-1/2

[Event "21.Wörishofen-Seniorenen op"]
[Site "Bad Wörishofen (03.03.-11.03)"]
[Date "2005.03.08"]
[Round "6.5"]
[White "Wunderer, Eckart"]
[Black "Villing, Dieter"]
[Result "0-1"]
[WhiteElo "2006"]
[BlackElo "2163"]
[PlyCount "61"]
[EventDate "2005.03.??"]
[Source "Chessorg"]
[SourceDate "2005.12.10"]

1. e4 c5 2. Nc3 Nc6 3. g3 g6 4. Bg2 Bg7 5. d3 d6 6. f4 Rb8 7. Nf3 Nd4 8. Be3
Bg4 9. h3 Bxf3 10. Bxf3 Qa5 11. Bd2 Qb6 12. Rb1 e6 13. Bg2 Ne7 14. O-O O-O 15.
Kh1 Qa6 16. Be3 b5 17. a3 Rfe8 18. Ne2 -- 19. Bxd4 cxd4 20. Rc1 Qa5 21. g4 b4
22. axb4 Qxb4 23. b3 Rb5 24. Ra1 Ra5 25. Rxa5 Qxa5 26. Ng3 Nc6 27. Qe1 Qc7 28.
e5 d5 29. Ne2 a5 30. c3 dxc3 31. Nxc3 0-1

[Event "21.Wörishofen-Seniorenen op"]
[Site "Bad Wörishofen (03.03.-11.03)"]
[Date "2005.03.08"]
[Round "6.6"]
[White "Riedel, Lutz"]
[Black "Bierwisch, Bernhard"]
[Result "1/2-1/2"]
[WhiteElo "2010"]
[BlackElo "2117"]
[PlyCount "27"]
[EventDate "2005.03.??"]
[Source "Chessorg"]
[SourceDate "2005.12.10"]

1. c4 e5 2. Nc3 Nc6 3. e4 d6 4. Nge2 f5 5. d3 Nf6 6. exf5 Bxf5 7. Ng3 Bg6 8. h4
h5 9. Be2 Nd4 10. Nce4 Nxe4 11. Nxe4 Be7 12. Ng5 Qd7 13. Be3 c5 14. Bxd4
1/2-1/2

[Event "21.Wörishofen-Seniorenen op"]
[Site "Bad Wörishofen (03.03.-11.03)"]
[Date "2005.03.08"]
[Round "6.7"]
[White "Knebel, Willi"]
[Black "Minz, Michael"]
[Result "0-1"]
[WhiteElo "1937"]
[BlackElo "2055"]
[PlyCount "82"]
[EventDate "2005.03.??"]
[Source "Chessorg"]
[SourceDate "2005.12.10"]

1. e4 e6 2. d4 d5 3. e5 c5 4. c3 Nc6 5. Nf3 Bd7 6. Be2 c4 7. b3 b5 8. O-O Nge7
9. a4 a6 10. bxc4 bxc4 11. Bg5 h6 12. Bh4 Qa5 13. g4 g5 14. Bg3 Ng6 15. Qc2 Be7
16. Nbd2 Rb8 17. Rfb1 O-O 18. Bd1 Rxb1 19. Rxb1 Rb8 20. Rxb8+ Nxb8 21. Ne1 Nc6
22. Ng2 Qd8 23. Qb1 Qb8 24. Qa2 Na7 25. Ne3 Bc6 26. Bc2 Qb6 27. Kf1 Nc8 28. Ng2
Kg7 29. f4 gxf4 30. Nxf4 Nxf4 31. Bxf4 Qa5 32. Qa1 Nb6 33. Qc1 Qxc3 34. Bxh6+
Kh8 35. Nb1 Qf3+ 36. Kg1 Qxg4+ 37. Kf1 Qf3+ 38. Kg1 Bh4 39. Qd2 Bxa4 40. Bf8
Qg4+ 41. Kh1 Bg5 0-1

[Event "21.Wörishofen-Seniorenen op"]
[Site "Bad Wörishofen (03.03.-11.03)"]
[Date "2005.03.08"]
[Round "6.8"]
[White "Papenbrock, Volker"]
[Black "Fischer, Ernst[37Weiden]"]
[Result "1/2-1/2"]
[WhiteElo "2085"]
[BlackElo "1940"]
[PlyCount "48"]
[EventDate "2005.03.??"]
[Source "Chessorg"]
[SourceDate "2005.12.10"]

1. d4 Nf6 2. Bf4 e6 3. e3 c5 4. c3 Qb6 5. Qc2 Nh5 6. Bg3 Nxg3 7. hxg3 d5 8. Nd2
h6 9. Ngf3 Nc6 10. O-O-O Bd7 11. dxc5 Bxc5 12. Nb3 Be7 13. Nbd4 Nxd4 14. exd4
O-O-O 15. Ne5 Be8 16. Be2 Kb8 17. f4 Bd6 18. Nd3 f6 19. Bg4 Bf7 20. Rde1 Rhe8
21. Re2 Re7 22. Rhe1 Rde8 23. Qb3 Qc7 24. Bf3 Qd7 1/2-1/2

[Event "21.Wörishofen-Seniorenen op"]
[Site "Bad Wörishofen (03.03.-11.03)"]
[Date "2005.03.08"]
[Round "6.9"]
[White "Neese, Hans-Joachim"]
[Black "Reinke, Kurt[39Benrath]"]
[Result "1-0"]
[WhiteElo "2100"]
[BlackElo "1835"]
[PlyCount "67"]
[EventDate "2005.03.??"]
[Source "Chessorg"]
[SourceDate "2005.12.10"]

1. d4 d5 2. c4 c6 3. Nc3 e6 4. Nf3 Nf6 5. e3 Nbd7 6. Qc2 Bd6 7. Bd3 dxc4 8.
Bxc4 O-O 9. O-O Qc7 10. h3 h6 11. Rd1 b5 12. Bb3 a6 13. e4 e5 14. Be3 Bb7 15.
Rac1 Rac8 16. a3 exd4 17. Nxd4 Nc5 18. Ba2 Bf4 19. Re1 Bh2+ 20. Kh1 Be5 21. b4
Na4 22. Nxa4 bxa4 23. Nf5 Rfe8 24. f3 Nh5 25. Qf2 Nf4 26. Red1 Rcd8 27. Bb6
Rxd1+ 28. Rxd1 Qb8 29. Rd7 Kh7 30. Bxf7 Rc8 31. Qc5 Bf6 32. Nd6 Nd3 33. Qf5+
Kh8 34. Rxb7 1-0